| 000 | 00504nam a22001697a 4500 | ||
|---|---|---|---|
| 008 | 160116b xxu||||| |||| 00| 0 eng d | ||
| 020 | _a978-971-0588-73-2 | ||
| 082 |
_22013 _aDFil 364 _bM32f |
||
| 100 |
_91804 _aManwong, Rommel K. |
||
| 245 |
_aFundamentals of criminology/ _cRommel K. Manwong |
||
| 250 | _aFourth edition | ||
| 260 |
_aQuezon City : _bWiseman's Books Trading, _cc2013. |
||
| 300 |
_ax, 394 pages ; _c23 cm. |
||
| 650 | 0 |
_91807 _aCrime |
|
| 365 |
_b498.00 _cPHP. |
||
| 942 |
_2ddc _cDFIL |
||
| 999 |
_c677 _d677 |
||